College Quizbowl Stats
College Quizbowl Stats
Circuits
Seasons
Sets
Records
Detailed Stats
About
Loading...
2024 ACF Winter at Ohio State
Tossups
Bonuses
Players
Teams
Categories (Tossup)
Categories (Bonus)
Mitchel
Michigan B
Categories
Category
Powers
Gets
Negs
BBs
Points
Earliest Buzz
Avg. Buzz
First Buzzes
Top 3 Buzzes
Fine Arts - Classical Music
0
1
0
1
10
92
92.00
0
1
History - Other History
0
1
0
0
10
60
60.00
0
1
Science - Other Science
0
1
0
0
10
54
54.00
0
1
Science - Physics
0
1
0
0
10
72
72.00
0
1
Buzzes
Category
Answer
Value
Buzz Position
Science - Other Science
cosmic microwave background radiation
10
54
History - Other History
Nile River
10
60
Science - Physics
moment of inertia
10
72
Fine Arts - Classical Music
Gustav Holst
10
92
Previous
1
Next